000 01917nam a2200337 i 4500
001 768714001
003 CO-MdFUSB
005 20240531062749.0
007 ta
008 210825t2011 -us |||| |||| 00| 0 eng d
020 _a9780932914880
040 _aCO-MdFUSB
_bspa
_cCO-MdFUSB
_dCO-MdFUSBC
_erda
041 _aeng
082 _223
_a261.5
_bB851
110 _aInternational Association for the Promotion of Christian Higher Education
245 1 _aBridging the gap :
_bconnecting Christian faith and professional practice
_c/ International Association for the Promotion of Christian Higher Education
264 1 _aEstados Unidos :
_bDordt College Press,
_c[2008]
264 4 _c© 2008
300 _a405 páginas
_c; 23 cm
336 _2rdacontent
_atexto
_btxt
337 _2rdamedia
_aotro
_bn
338 _2rdacarrier
_avolumen
_bnc
505 _aIntroducción / Bram De Muynck, Johan Hegeman, Pieter Vos - Integridad en la solidaridad: profesionales cristianos en una esfera pública plural / Jonathan Chaplin - Conectando la fe cristiana y la práctica profesional en una sociedad pluralista / Sarota Nagy - La brecha: un análisis de la situación actual en una sociedad pluralista y posmoderna / Stephan Holthaus - Lo que realmente importa al conectar la fe y la práctica profesional: respuesta a Stephan Holthaus / Pieter Vos - Tres paradigmas teológicos para cerrar la brecha / Patrick Nullens - Los tres paradigmas engagement y VU University Amsterdam en el siglo XXI: respuesta a Patrick Nullens / Siebren Miedema - Conectando la fe cristiana y la práctica profesional en una sociedad pluralista / Henk Jochemsen, Johan Hegeman - Respuesta a Henk Jochemsen, Johan Hegeman / Mark Roques -
563 _aRústico
650 0 _9984
_aEducación
650 7 _aCristianismo
_2
_922
653 _aReligión y otras disciplinas.
942 _cBK
945 _aJTF-925
999 _c66854
_d66854